[Event "II Festival"]
[Site "Siracusa ITA"]
[Date "2007.09.04"]
[Round "3"]
[White "Olivieri, Lucio"]
[Black "Arrabito, Gianfranco"]
[Result "0-1"]
[WhiteElo "1659"]
[BlackElo "1968"]
[PlyCount "56"]
[EventDate "2007.09.02"]

1. e4 e5 2. Nf3 Nf6 3. Nxe5 d6 4. Nf3 Nxe4 5. d4 d5 6. Bd3 Bd6 7. O-O O-O 8. c4
c6 9. Nc3 Nxc3 10. bxc3 Bg4 11. Rb1 dxc4 12. Bxc4 Qc7 13. h3 Bh5 14. Re1 Nd7
15. Bd3 Rfe8 16. g4 Bg6 17. Bxg6 hxg6 18. Bg5 Nf6 19. Bxf6 gxf6 20. Nd2 Kg7 21.
Qf3 b6 22. Re4 Re6 23. Rbe1 Rae8 24. h4 Qd7 25. h5 Bc7 26. Rxe6 Rxe6 27. hxg6
Rxe1+ 28. Kg2 Qd5 0-1

[Event "II Festival"]
[Site "Siracusa ITA"]
[Date "2007.09.04"]
[Round "3"]
[White "Rizza, Francesco"]
[Black "Russo, Alfio"]
[Result "0-1"]
[WhiteElo "1653"]
[BlackElo "1928"]
[PlyCount "53"]
[EventDate "2007.09.02"]

1. d4 Nf6 2. c4 g6 3. Nc3 Bg7 4. e4 d6 5. Nf3 O-O 6. Be2 e5 7. d5 a5 8. Bg5 h6
9. Bh4 Na6 10. Nd2 Qe8 11. O-O Bd7 12. b3 h5 13. f3 Nh7 14. a3 Bh6 15. Kh1 Be3
16. Rb1 f5 17. exf5 gxf5 18. f4 exf4 19. Bxh5 Qe5 20. Ne2 Nc5 21. Nf3 Qh8 22.
Nfd4 Nf6 23. Bxf6 Qxh5 24. Be7 Rf7 25. Bxd6 cxd6 26. b4 Rh7 27. h3 0-1

[Event "II Festival"]
[Site "Siracusa ITA"]
[Date "2007.09.04"]
[Round "3"]
[White "Rosolia, Giuseppe"]
[Black "Cappello, Antonino"]
[Result "1-0"]
[WhiteElo "1930"]
[BlackElo "1613"]
[PlyCount "91"]
[EventDate "2007.09.02"]

1. e4 g6 2. c3 Bg7 3. d3 d6 4. Nf3 h6 5. Be2 Nd7 6. Nbd2 e6 7. O-O Ne7 8. Re1
b6 9. Bf1 Bb7 10. g3 a6 11. Qc2 c5 12. Bg2 Qc7 13. Nf1 Ne5 14. Be3 c4 15. Nxe5
Bxe5 16. d4 Bg7 17. Rad1 b5 18. h3 Qa5 19. Nd2 Qc7 20. Nf3 Rd8 21. Nh2 e5 22.
Qc1 d5 23. dxe5 dxe4 24. Ng4 Ng8 25. Rxd8+ Qxd8 26. Bd4 h5 27. Nh2 Ne7 28. Bxe4
Bxe4 29. Rxe4 Qd5 30. Qe1 O-O 31. e6 f6 32. Nf3 Re8 33. Nh4 Kh7 34. Ng2 f5 35.
Rh4 Nc6 36. Bxg7 Rxe6 37. Ne3 Kxg7 38. Qb1 Qd3 39. Qc1 Re4 40. Nxf5+ Kf6 41.
Rxe4 Qxe4 42. Ne3 Ne5 43. Qc2 Nd3 44. Qe2 Ne5 45. Ng4+ Kf5 46. Nh6+ 1-0

[Event "II Festival"]
[Site "Siracusa ITA"]
[Date "2007.09.04"]
[Round "3"]
[White "Salvaggio, Salvatore"]
[Black "Monica, Vincenzo"]
[Result "1-0"]
[WhiteElo "1766"]
[BlackElo "1514"]
[PlyCount "59"]
[EventDate "2007.09.02"]

1. d4 d5 2. c4 e6 3. Nc3 Nf6 4. Bg5 Be7 5. Nf3 Nbd7 6. e3 c5 7. Qc2 cxd4 8.
Nxd4 dxc4 9. Bxc4 Ne5 10. Be2 O-O 11. O-O a6 12. Rfd1 Qe8 13. Rac1 b5 14. Bf4
Ng6 15. Bg3 Bb7 16. Qb3 b4 17. Nb1 Bd5 18. Bc4 Bb7 19. f3 Nd5 20. e4 Ndf4 21.
Ne2 Nxe2+ 22. Bxe2 a5 23. a4 Bg5 24. Bb5 Qe7 25. Rc7 Bd5 26. Rxd5 Qxc7 27. Bxc7
exd5 28. exd5 Rac8 29. d6 Ne5 30. Qd5 1-0

[Event "II Festival"]
[Site "Siracusa ITA"]
[Date "2007.09.04"]
[Round "3"]
[White "Seminara, Antonio"]
[Black "Carnemolla, Giampaolo"]
[Result "1-0"]
[WhiteElo "1980"]
[BlackElo "1692"]
[PlyCount "89"]
[EventDate "2007.09.02"]

1. d4 d5 2. c4 e6 3. Nf3 Nf6 4. Nc3 Be7 5. e3 c6 6. b3 Nbd7 7. Bd3 O-O 8. Bb2
b6 9. Qc2 Qc7 10. g4 e5 11. dxe5 Nxg4 12. Bxh7+ Kh8 13. cxd5 Ndxe5 14. Nxe5
Qxe5 15. O-O-O Nxf2 16. Ne4 Ba3 17. Qxf2 Bxb2+ 18. Qxb2 Qxb2+ 19. Kxb2 cxd5 20.
Ng5 f6 21. h4 fxg5 22. hxg5 Rf2+ 23. Ka3 g6 24. Bxg6+ Kg7 25. Bb1 Bf5 26. Rxd5
Bxb1 27. Rxb1 Re8 28. Re1 Re4 29. Rd8 Re5 30. Rd7+ Rf7 31. Red1 Rfe7 32. Rxe7+
Rxe7 33. Kb4 Kg6 34. Rd5 Rxe3 35. Kb5 Rc3 36. Ka6 Rc7 37. a4 Kh5 38. b4 Rc4 39.
Rb5 Rc7 40. a5 Re7 41. Rxb6 Kxg5 42. Rb7 Re6+ 43. Kxa7 Kf5 44. b5 Ke5 45. Rd7
1-0

[Event "II Festival"]
[Site "Siracusa ITA"]
[Date "2007.09.04"]
[Round "3"]
[White "Timoshenko, Georgy"]
[Black "Valguarnera, Girolamo"]
[Result "1-0"]
[WhiteElo "2559"]
[BlackElo "2185"]
[PlyCount "51"]
[EventDate "2007.09.02"]

1. e4 d6 2. d4 Nf6 3. Nc3 g6 4. f4 Bg7 5. Nf3 O-O 6. Bd3 Na6 7. O-O c6 8. a3
Nd7 9. f5 Nb6 10. g4 c5 11. d5 c4 12. Be2 Nc5 13. Be3 Re8 14. Bd4 Bh6 15. Qe1
e6 16. dxe6 fxe6 17. f6 Bf4 18. Ng5 Bxg5 19. f7+ Kf8 20. fxe8=Q+ Kxe8 21. e5
Qc7 22. Nb5 Qc6 23. Nxd6+ Kd7 24. Rf7+ Be7 25. Qh4 Nd5 26. Bf3 1-0

[Event "II Festival"]
[Site "Siracusa ITA"]
[Date "2007.09.04"]
[Round "3"]
[White "Tumino, Andrea"]
[Black "Tondo, Salvatore"]
[Result "0-1"]
[WhiteElo "1637"]
[BlackElo "1915"]
[PlyCount "102"]
[EventDate "2007.09.02"]

1. e4 c5 2. Nf3 Nc6 3. d4 cxd4 4. Nxd4 e5 5. Nf3 Bb4+ 6. c3 Be7 7. Bc4 Nf6 8.
O-O O-O 9. Re1 d6 10. h3 Na5 11. Bd3 Be6 12. Na3 Rc8 13. Bd2 a6 14. Nc2 b5 15.
Nb4 Qb6 16. Bg5 Nc6 17. Nxc6 Rxc6 18. Bc2 b4 19. Ba4 Rc7 20. cxb4 Qxb4 21. a3
Qxb2 22. Re2 Qb7 23. Rb1 Qc8 24. Bb3 Bxb3 25. Qxb3 h6 26. Bxf6 Bxf6 27. Rd2 Be7
28. Nh2 Rc3 29. Qb7 Qxb7 30. Rxb7 Re8 31. Ng4 Rxa3 32. Ne3 Bg5 33. Re2 Bxe3 34.
fxe3 Rc8 35. Kf2 a5 36. Rd2 Rc6 37. Ra7 a4 38. Rb2 Rb3 39. Ra2 a3 40. R2xa3
Rxa3 41. Rxa3 g6 42. g4 Kg7 43. Kf3 Kf6 44. Rd3 Kg5 45. Kg3 f5 46. Rd2 f4+ 47.
exf4+ exf4+ 48. Kg2 Kf6 49. h4 Ke5 50. Re2 Rc3 51. Rd2 Rg3+ 0-1

[Event "II Festival"]
[Site "Siracusa ITA"]
[Date "2007.09.05"]
[Round "4"]
[White "Arrabito, Gianfranco"]
[Black "Agnello, Giuseppe"]
[Result "1-0"]
[WhiteElo "1968"]
[BlackElo "2136"]
[PlyCount "103"]
[EventDate "2007.09.02"]

1. d4 Nf6 2. e3 g6 3. Bd3 Bg7 4. Nf3 O-O 5. Nbd2 d6 6. e4 Nbd7 7. O-O e5 8.
dxe5 Nxe5 9. Nxe5 dxe5 10. Nf3 Qe7 11. Qe2 Rd8 12. Bg5 h6 13. Bh4 g5 14. Bg3
Nh5 15. c3 Nf4 16. Bxf4 exf4 17. Rfe1 Bg4 18. Rad1 Rd7 19. h3 Bh5 20. Bb5 c6
21. Rxd7 Qxd7 22. Rd1 Qe7 23. Ba4 Re8 24. Bc2 Kh8 25. Qd3 Bg6 26. Re1 Rd8 27.
Qe2 Rd7 28. Nd2 Qd8 29. Rd1 b5 30. f3 a5 31. Nb3 a4 32. Rxd7 Qxd7 33. Qd2 Qe6
34. Nd4 Qd7 35. Nb3 Qxd2 36. Nxd2 a3 37. bxa3 Bxc3 38. Nb1 Bd4+ 39. Kf1 Kg7 40.
a4 bxa4 41. Bxa4 c5 42. Ke2 Kf6 43. Nd2 Ke6 44. Kd3 f5 45. Bc6 fxe4+ 46. Bxe4
Bxe4+ 47. Kxe4 Bc3 48. Nc4 Bf6 49. a4 Bd8 50. a5 Bc7 51. a6 Bb8 52. Nb6 1-0

[Event "II Festival"]
[Site "Siracusa ITA"]
[Date "2007.09.05"]
[Round "4"]
[White "Attardi, Giovanni"]
[Black "Parla, Aldo"]
[Result "1/2-1/2"]
[WhiteElo "1425"]
[BlackElo "1562"]
[PlyCount "106"]
[EventDate "2007.09.02"]

1. e4 d6 2. h3 e5 3. Nf3 Be7 4. Bc4 Nf6 5. d3 c6 6. a3 O-O 7. O-O d5 8. exd5
cxd5 9. Ba2 Nc6 10. Bg5 h6 11. Bh4 Be6 12. Re1 Bd6 13. Nbd2 g5 14. Bg3 g4 15.
hxg4 Bxg4 16. Qc1 Re8 17. Nh2 Bh5 18. Bh4 Kg7 19. Bxd5 Bc7 20. Ne4 Qxd5 21.
Nxf6 Qd6 22. Nxe8+ Rxe8 23. Re3 e4 24. Bg3 Qd7 25. Bxc7 Qxc7 26. Rg3+ Bg6 27.
Qd1 Nd4 28. Rc1 Nf5 29. Rg4 e3 30. Qe2 Kh7 31. Re4 exf2+ 32. Qxf2 Rg8 33. c3 b6
34. Rce1 Rd8 35. Rc4 Qd6 36. Rd1 Re8 37. Rf4 Re2 38. Qxe2 Qxf4 39. Rf1 Qd6 40.
Re1 Ng3 41. Qd2 Ne4 42. Qe3 Nf6 43. d4 a6 44. Rf1 Qxh2+ 45. Kxh2 Ng4+ 46. Kg1
Nxe3 47. Re1 Nc4 48. b3 Nxa3 49. d5 Nb5 50. c4 Nd6 51. Kf2 a5 52. Ke3 Bc2 53.
Kd4 Bxb3 1/2-1/2

[Event "II Festival"]
[Site "Siracusa ITA"]
[Date "2007.09.05"]
[Round "4"]
[White "Cappello, Antonino"]
[Black "Condorelli, Roberto"]
[Result "1-0"]
[WhiteElo "1613"]
[BlackElo "1575"]
[PlyCount "101"]
[EventDate "2007.09.02"]

1. d4 Nf6 2. c4 g6 3. Nc3 Bg7 4. e4 d6 5. Be2 O-O 6. h3 e5 7. d5 a5 8. Nf3 Na6
9. a3 Bd7 10. Be3 Nc5 11. Qc2 b6 12. O-O Nh5 13. b4 Na6 14. Nh2 Nf4 15. Bg4 f5
16. exf5 gxf5 17. Bd1 Qg5 18. Bxf4 Qxf4 19. Rb1 Qh6 20. Ne2 Rf6 21. Ng3 Rg6 22.
Nxf5 Qxh3 23. Ne7+ Kf7 24. Nxg6 Qf5 25. Qxf5+ Bxf5 26. Nxe5+ Bxe5 27. Rb3 axb4
28. Ng4 Bc3 29. Nh6+ Kg6 30. Nxf5 Kxf5 31. axb4 Bxb4 32. g4+ Kf4 33. Kg2 Kg5
34. f4+ Kf6 35. Rh1 Re8 36. Rbh3 Kg7 37. Rxh7+ Kf8 38. Rh8+ Ke7 39. Rxe8+ Kxe8
40. Rh7 Kf8 41. Bc2 Bc3 42. g5 Nb4 43. Bb1 c6 44. Rb7 cxd5 45. Rxb6 dxc4 46.
Rxd6 Bb2 47. Rd7 c3 48. Rb7 Nd5 49. f5 Ne3+ 50. Kh3 Nxf5 51. Bxf5 1-0

[Event "II Festival"]
[Site "Siracusa ITA"]
[Date "2007.09.05"]
[Round "4"]
[White "Carnemolla, Giampaolo"]
[Black "Rizza, Francesco"]
[Result "0-1"]
[WhiteElo "1692"]
[BlackElo "1653"]
[PlyCount "96"]
[EventDate "2007.09.02"]

1. e4 c5 2. Nf3 Nc6 3. d4 cxd4 4. Nxd4 Nf6 5. Nc3 e5 6. Ndb5 d6 7. Bg5 a6 8.
Na3 b5 9. Nd5 Be7 10. Bxf6 Bxf6 11. c3 O-O 12. Nc2 Bg5 13. h4 Bh6 14. g4 g6 15.
a4 Rb8 16. axb5 axb5 17. Qf3 Bg7 18. Be2 f5 19. gxf5 gxf5 20. exf5 Bxf5 21.
Nce3 e4 22. Qg3 b4 23. Rg1 Rb7 24. cxb4 Kh8 25. Ra6 Be5 26. Qg2 Nb8 27. Nxf5
Nxa6 28. Bxa6 Rbf7 29. Nh6 Rxf2 30. Qxf2 Rxf2 31. Rg8+ Qxg8 32. Nxg8 Rxb2 33.
Ngf6 e3 34. Ne4 Rh2 35. b5 Rxh4 36. Ng5 Bg3+ 37. Ke2 Rh5 38. Nf7+ Kg7 39. Kxe3
Rxd5 40. Nd8 Rf5 41. Ke4 Kf6 42. b6 h5 43. b7 h4 44. Nc6 h3 45. Ke3 d5 46. Nd4
h2 47. Nxf5 Kxf5 48. Kd4 h1=Q 0-1

[Event "II Festival"]
[Site "Siracusa ITA"]
[Date "2007.09.05"]
[Round "4"]
[White "Conti, Silvano"]
[Black "Rosolia, Giuseppe"]
[Result "1/2-1/2"]
[WhiteElo "1652"]
[BlackElo "1930"]
[PlyCount "75"]
[EventDate "2007.09.02"]

1. e4 e5 2. Nf3 d6 3. d4 Nd7 4. Bc4 c6 5. dxe5 dxe5 6. O-O h6 7. Be3 Be7 8.
Nbd2 Ngf6 9. Bb3 Qc7 10. c3 O-O 11. Bc2 Ng4 12. Qe2 Nxe3 13. Qxe3 b5 14. Rad1
Nc5 15. Nb3 Ne6 16. Rd2 a5 17. Rfd1 a4 18. Nc1 Bc5 19. Qe2 Nf4 20. Qe1 Bg4 21.
Nd3 Bxf3 22. gxf3 Qe7 23. Nxf4 exf4 24. Rd7 Qe5 25. Kh1 Rae8 26. a3 Qh5 27.
R1d3 Re6 28. b4 Bb6 29. Rb7 c5 30. bxc5 Qxc5 31. Rdd7 Rg6 32. e5 Rg5 33. e6
Qxf2 34. exf7+ Kh8 35. Qxf2 Bxf2 36. h3 g6 37. Bd3 Kg7 38. Bxb5 1/2-1/2

[Event "II Festival"]
[Site "Siracusa ITA"]
[Date "2007.09.05"]
[Round "4"]
[White "Cordaro, Giovanni"]
[Black "Minniti, Elenamaria"]
[Result "0-1"]
[WhiteElo "1497"]
[BlackElo "1518"]
[PlyCount "69"]
[EventDate "2007.09.02"]

1. d4 d5 2. c4 c6 3. Nc3 dxc4 4. e4 b5 5. a3 Qc7 6. Nf3 Nd7 7. Be2 e5 8. d5 a6
9. Be3 Ngf6 10. O-O Nc5 11. Bxc5 Bxc5 12. Qd2 O-O 13. Bd1 a5 14. Qg5 Bb7 15.
Qxe5 Qxe5 16. Nxe5 b4 17. axb4 axb4 18. Na4 cxd5 19. Be2 Nxe4 20. Nd7 Rfc8 21.
Bg4 Rc7 22. Kh1 Bd4 23. Kg1 Bc6 24. Nab6 Raa7 25. Rxa7 Rxa7 26. Bf3 Bxd7 27.
Bxe4 dxe4 28. Nxc4 Bb5 29. b3 Bxc4 30. bxc4 b3 31. Rd1 b2 32. c5 Rc7 33. h3 h6
34. Rxd4 b1=Q+ 35. Kh2 0-1

[Event "II Festival"]
[Site "Siracusa ITA"]
[Date "2007.09.05"]
[Round "4"]
[White "Di Martino, Giancarlo"]
[Black "Olivieri, Lucio"]
[Result "0-1"]
[WhiteElo "1724"]
[BlackElo "1659"]
[PlyCount "74"]
[EventDate "2007.09.02"]

1. e4 c5 2. Nf3 Nc6 3. d3 g6 4. g3 Bg7 5. Bg2 e6 6. O-O Nge7 7. Nbd2 O-O 8. c3
Rb8 9. Re1 b5 10. Nf1 b4 11. d4 bxc3 12. bxc3 Qa5 13. Bd2 Qa3 14. Ne3 cxd4 15.
cxd4 Nxd4 16. Nxd4 Bxd4 17. Nc2 Qa4 18. Nxd4 Qxd4 19. Bf4 Qxd1 20. Rexd1 Rb2
21. Bd6 Re8 22. Rdc1 Nc6 23. e5 Bb7 24. Rab1 Rxb1 25. Rxb1 Ba8 26. Rd1 Bb7 27.
f4 Bc8 28. Bc5 a5 29. Bxc6 dxc6 30. a4 Ba6 31. Rd6 Rc8 32. Bb6 Bc4 33. Rd4 Bb3
34. Bxa5 c5 35. Re4 c4 36. Bc3 Bxa4 37. Rd4 Bb3 0-1

[Event "II Festival"]
[Site "Siracusa ITA"]
[Date "2007.09.05"]
[Round "4"]
[White "Minniti, Giuseppe"]
[Black "Nobile, Stefano"]
[Result "1-0"]
[WhiteElo "1827"]
[BlackElo "1713"]
[PlyCount "101"]
[EventDate "2007.09.02"]

1. d4 f5 2. e3 Nf6 3. Nf3 g6 4. Bd3 Bg7 5. Nbd2 O-O 6. O-O d6 7. c3 Qe8 8. e4
fxe4 9. Nxe4 Qf7 10. Neg5 Qe8 11. Qc2 Nd5 12. Nxh7 Bf5 13. Nxf8 Qxf8 14. Bxf5
Qxf5 15. Qxf5 gxf5 16. Re1 Nd7 17. Nh4 Rf8 18. Bg5 Bf6 19. Bxf6 Rxf6 20. c4 Nf4
21. Rxe7 Nb6 22. Rxc7 Ne2+ 23. Kf1 Nxd4 24. b3 Rh6 25. Re1 Kf8 26. g3 f4 27.
Rce7 Nc6 28. Rxb7 Ne5 29. Re4 fxg3 30. Rf4+ Ke8 31. fxg3 Nbd7 32. Rxa7 Nf6 33.
Kg2 Nd3 34. Rd4 Ne1+ 35. Kf1 Nc2 36. Rxd6 Ne3+ 37. Kg1 Neg4 38. Rb6 Kf8 39. h3
Ne5 40. Kg2 Nd3 41. Rb8+ Ne8 42. Kf3 Re6 43. Raa8 Ne5+ 44. Kg2 Nc6 45. Rxe8+
Rxe8 46. Rxe8+ Kxe8 47. Kf3 Kf7 48. Ke4 Kf6 49. Kd5 Nb4+ 50. Kd6 Nxa2 51. c5
1-0

[Event "II Festival"]
[Site "Siracusa ITA"]
[Date "2007.09.05"]
[Round "4"]
[White "Monica, Vincenzo"]
[Black "Ferrigno, Vincenzo"]
[Result "1-0"]
[WhiteElo "1514"]
[BlackElo "1754"]
[PlyCount "72"]
[EventDate "2007.09.02"]

1. e4 c5 2. Nf3 d6 3. Nc3 Nf6 4. Bc4 e6 5. d4 cxd4 6. Nxd4 a6 7. a4 Be7 8. Be3
O-O 9. f4 Nxe4 10. Nxe4 d5 11. Bd3 dxe4 12. Bxe4 Bh4+ 13. g3 Bf6 14. Qd3 g6 15.
O-O-O Qe7 16. h4 Nd7 17. Qe2 Nc5 18. Bf3 Nxa4 19. h5 Rb8 20. hxg6 fxg6 21. Qh2
Bd7 22. c3 Rf7 23. g4 Qe8 24. f5 exf5 25. Bf4 Rd8 26. gxf5 Bxd4 27. fxg6 Be3+
28. Bxe3 Qxe3+ 29. Rd2 Bf5 30. gxf7+ Kxf7 31. Qc7+ Rd7 32. Rxh7+ Bxh7 33. Qxd7+
Kg6 34. Qg4+ Kf6 35. Qh4+ Kg6 36. Qg3+ Kf6 1-0

[Event "II Festival"]
[Site "Siracusa ITA"]
[Date "2007.09.05"]
[Round "4"]
[White "Norrito, Salvatore"]
[Black "Minniti, Cristiano"]
[Result "1-0"]
[WhiteElo "1812"]
[BlackElo "1548"]
[PlyCount "63"]
[EventDate "2007.09.02"]

1. e4 d5 2. exd5 Nf6 3. c4 e6 4. dxe6 Bxe6 5. Nf3 Qe7 6. Nc3 Bxc4+ 7. Be2 Bxe2
8. Nxe2 Nc6 9. O-O O-O-O 10. d4 h6 11. Be3 g5 12. Qa4 Qb4 13. Qc2 Bg7 14. a3
Qd6 15. b4 Qe6 16. b5 Na5 17. Rfc1 Rd7 18. Ne5 Rhd8 19. Nxd7 Rxd7 20. Rab1 Nd5
21. Qd2 Nc4 22. Rxc4 Nxe3 23. Ra4 Nc4 24. Qc2 Kb8 25. Qxc4 Qe4 26. Rc1 Re7 27.
Ng3 Qf4 28. Nh5 Qd2 29. Nxg7 Re1+ 30. Rxe1 Qxe1+ 31. Qf1 Qxf1+ 32. Kxf1 1-0

[Event "II Festival"]
[Site "Siracusa ITA"]
[Date "2007.09.05"]
[Round "4"]
[White "Polak, Tomas"]
[Black "Ljubisavljevic, Zivojin Z."]
[Result "1-0"]
[WhiteElo "2544"]
[BlackElo "2296"]
[PlyCount "63"]
[EventDate "2007.09.02"]

1. d4 Nf6 2. c4 e6 3. Nf3 c5 4. d5 b5 5. dxe6 fxe6 6. cxb5 d5 7. Nbd2 Be7 8. g3
Qa5 9. a4 a6 10. bxa6 O-O 11. Bh3 Nxa6 12. O-O c4 13. Nd4 Qb6 14. N2f3 Nc5 15.
Ne5 Bd6 16. Bf4 Bxe5 17. Bxe5 Bd7 18. Nf3 Nb3 19. Ra3 Rxa4 20. Rxa4 Bxa4 21.
Ng5 Bd7 22. Qc2 g6 23. Qc3 Ne8 24. e3 Qc6 25. f4 Nc5 26. Ra1 h6 27. Nf3 Nf6 28.
Bxf6 Ne4 29. Ne5 Qb5 30. Qd4 Rxf6 31. Bg2 Bc8 32. Ra7 1-0

[Event "II Festival"]
[Site "Siracusa ITA"]
[Date "2007.09.05"]
[Round "4"]
[White "Rettore, Ludwig"]
[Black "Alaimo, Riccardo"]
[Result "1-0"]
[WhiteElo "2182"]
[BlackElo "2191"]
[PlyCount "101"]
[EventDate "2007.09.02"]

1. e4 c5 2. Nf3 d6 3. d4 cxd4 4. Nxd4 Nf6 5. Nc3 a6 6. Be2 e5 7. Nb3 Be7 8. O-O
O-O 9. Be3 Be6 10. f4 exf4 11. Rxf4 Nc6 12. a4 Ne5 13. a5 Nfd7 14. Rf1 Rc8 15.
Nd4 Nc4 16. Bxc4 Bxc4 17. Rf3 Ne5 18. Rh3 g6 19. Nf5 Bf6 20. Nxd6 Be6 21. Bb6
Qd7 22. Nxc8 Bxh3 23. Qxd7 Bxd7 24. Nd5 Rxc8 25. Nxf6+ Kg7 26. Nxd7 Nxd7 27.
Bd4+ f6 28. c3 Re8 29. Ra4 Rc8 30. Rb4 Rc7 31. Bb6 Rc8 32. Bf2 Rc7 33. Bg3 Ne5
34. Rb6 Kf7 35. Bxe5 fxe5 36. Kf2 Ke7 37. Ke3 Kd7 38. Kd3 Ke7 39. b4 Kd7 40. c4
Ke7 41. c5 Rd7+ 42. Kc4 Rd4+ 43. Kc3 Rd7 44. c6 Rc7 45. Rxb7 Kd6 46. Rxc7 Kxc7
47. Kc4 Kxc6 48. g4 g5 49. h3 h6 50. b5+ axb5+ 51. Kb4 1-0

[Event "II Festival"]
[Site "Siracusa ITA"]
[Date "2007.09.05"]
[Round "4"]
[White "Russo, Alfio"]
[Black "Bottino, Alexiei"]
[Result "1-0"]
[WhiteElo "1928"]
[BlackElo "2030"]
[PlyCount "78"]
[EventDate "2007.09.02"]

1. d4 d5 2. Nf3 c6 3. c4 e6 4. e3 Nf6 5. Bd3 Nbd7 6. O-O Be7 7. b3 O-O 8. Bb2
dxc4 9. bxc4 c5 10. Nbd2 b6 11. Qc2 Qc7 12. Ne5 Bb7 13. f4 cxd4 14. exd4 Rac8
15. Rae1 Rfd8 16. f5 Nxe5 17. dxe5 Bc5+ 18. Kh1 Ng4 19. fxe6 Rxd3 20. exf7+
Qxf7 21. Rxf7 Rh3 22. Nf1 Rh6 23. e6 Rg6 24. Re2 Bc6 25. h3 Nh6 26. Rxa7 Rf8
27. Ne3 Bxe3 28. Rxe3 Nf5 29. Rf3 Bxf3 30. gxf3 Ng3+ 31. Kg2 Ne4+ 32. Kh2 Nc5
33. Qxg6 hxg6 34. Rxg7+ Kh8 35. Rf7+ Kg8 36. Rg7+ Kh8 37. e7 Re8 38. Rxg6+ Kh7
39. Rg7+ Kh6 1-0

[Event "II Festival"]
[Site "Siracusa ITA"]
[Date "2007.09.05"]
[Round "4"]
[White "Seminara, Antonio"]
[Black "Fernandez, Gianluca"]
[Result "1-0"]
[WhiteElo "1980"]
[BlackElo "1502"]
[PlyCount "79"]
[EventDate "2007.09.02"]

1. d4 d5 2. c4 Nf6 3. Nc3 e6 4. Nf3 Be7 5. e3 O-O 6. b3 c6 7. Bd3 Nbd7 8. Bb2
a6 9. Qc2 dxc4 10. bxc4 b5 11. c5 g6 12. h4 h5 13. Bxg6 fxg6 14. Qxg6+ Kh8 15.
Ng5 Qe8 16. Qh6+ Kg8 17. Nxe6 Qf7 18. Qg5+ Kh7 19. Qf5+ Qg6 20. Nxf8+ Bxf8 21.
Qxg6+ Kxg6 22. f3 Bh6 23. Kf2 Nf8 24. Rhe1 Be6 25. e4 N8d7 26. d5 cxd5 27. exd5
Bxd5 28. Nxd5 Nxd5 29. Rad1 N7f6 30. Re6 Be3+ 31. Rxe3 Nxe3 32. Kxe3 Re8+ 33.
Kf4 Re6 34. Bxf6 Rxf6+ 35. Ke5 Rf5+ 36. Kd6 Rf8 37. Kc7 Kf6 38. Kb6 a5 39. c6
Ke6 40. c7 1-0

[Event "II Festival"]
[Site "Siracusa ITA"]
[Date "2007.09.05"]
[Round "4"]
[White "Tibaldeschi, Attilio"]
[Black "Lo Bosco, Salvatore"]
[Result "0-1"]
[WhiteElo "1532"]
[BlackElo "1822"]
[PlyCount "116"]
[EventDate "2007.09.02"]

1. Nf3 Nf6 2. b3 g6 3. Bb2 Bg7 4. d3 O-O 5. Nbd2 d5 6. e3 c5 7. Be2 Nc6 8. O-O
Re8 9. Rc1 e5 10. c3 b6 11. e4 Bb7 12. exd5 Nxd5 13. Re1 Nf4 14. Nc4 b5 15. Ne3
a6 16. Bf1 Rc8 17. g3 Nd5 18. c4 Nxe3 19. fxe3 Nb4 20. e4 Nxa2 21. Rc2 Nb4 22.
Rf2 Rc7 23. Qe2 Rd7 24. Rd1 bxc4 25. bxc4 a5 26. Qe3 Qc7 27. h4 h6 28. Nh2 Kh7
29. Bc1 h5 30. Nf3 f6 31. Bh3 Rf7 32. Kh2 Bc8 33. Bxc8 Qxc8 34. Ng5+ Kg8 35.
Nxf7 Kxf7 36. Qf3 Kg8 37. Rg1 Qg4 38. Qe3 Kh7 39. Rgf1 Rd8 40. Rf3 Nc2 41. Qf2
Nd4 42. Ba3 Nxf3+ 43. Qxf3 Qc8 44. Qf2 Rxd3 45. Qxc5 Rd2+ 46. Rf2 Rxf2+ 47.
Qxf2 Qxc4 48. Qe3 Qc2+ 49. Kh3 a4 50. Bc1 Qb3 51. Qxb3 axb3 52. Bb2 Kg8 53. g4
hxg4+ 54. Kxg4 Kf7 55. h5 gxh5+ 56. Kxh5 Ke6 57. Kg6 Bf8 58. Bc1 Bc5 0-1

[Event "II Festival"]
[Site "Siracusa ITA"]
[Date "2007.09.05"]
[Round "4"]
[White "Tondo, Salvatore"]
[Black "Corsino, Gianluca"]
[Result "1/2-1/2"]
[WhiteElo "1915"]
[BlackElo "2004"]
[PlyCount "90"]
[EventDate "2007.09.02"]

1. e4 c5 2. d4 cxd4 3. c3 d5 4. exd5 Qxd5 5. cxd4 Nc6 6. Nf3 e5 7. dxe5 Qxd1+
8. Kxd1 Bg4 9. Be2 Bc5 10. Ke1 Nge7 11. Nbd2 Nb4 12. Bb5+ Nec6 13. Ba4 Nd3+ 14.
Ke2 Ndxe5 15. Re1 O-O 16. Bxc6 Nxc6 17. Kf1 Nb4 18. Re5 Rac8 19. Nb3 Bd6 20.
Rb5 b6 21. Bd2 Bd7 22. Rxb4 Bxb4 23. Bxb4 Rfe8 24. Nbd4 Bg4 25. Bc3 g6 26. h3
Bd7 27. a4 Rc4 28. Nb5 Rxa4 29. Na3 Rc8 30. Nd4 b5 31. Nac2 b4 32. Bd2 Rxa1+
33. Nxa1 a5 34. Nac2 Bf5 35. Ne3 Bd3+ 36. Kg1 Kg7 37. Nf3 f5 38. Ne5 Be2 39. f4
Rd8 40. Be1 Bb5 41. Kf2 Rd4 42. g3 Kf6 43. Nf3 Rd3 44. Nd2 a4 45. Nc2 a3
1/2-1/2

[Event "II Festival"]
[Site "Siracusa ITA"]
[Date "2007.09.05"]
[Round "4"]
[White "Tumino, Andrea"]
[Black "Cultrera, Salvatore"]
[Result "1/2-1/2"]
[WhiteElo "1637"]
[BlackElo "1681"]
[PlyCount "78"]
[EventDate "2007.09.02"]

1. e4 d5 2. exd5 Qxd5 3. Nc3 Qa5 4. d4 Nf6 5. Bd2 c6 6. Be2 Qb6 7. Nf3 Bg4 8.
Na4 Qd8 9. Nc5 Qb6 10. O-O Nbd7 11. Nd3 Bxf3 12. Bxf3 Qxd4 13. Bc3 Qb6 14. Nf4
e6 15. Qe2 O-O-O 16. b4 Bd6 17. Nd3 Qc7 18. h3 h5 19. Bd4 Kb8 20. Qe3 b6 21.
Nb2 Be5 22. Bxe5 Nxe5 23. Nd3 Nxf3+ 24. Qxf3 Rd5 25. a4 Rf5 26. Qe3 g5 27. c4
h4 28. c5 g4 29. cxb6 axb6 30. a5 b5 31. Nc5 Qa7 32. hxg4 Nxg4 33. Qd4 Ne5 34.
Rfd1 Rg8 35. Kf1 h3 36. gxh3 Nf3 37. Qd8+ Rxd8 38. Rxd8+ Kc7 39. Rd7+ Kb8
1/2-1/2

[Event "II Festival"]
[Site "Siracusa ITA"]
[Date "2007.09.05"]
[Round "4"]
[White "Valenti, Giuseppe"]
[Black "Timoshenko, Georgy"]
[Result "0-1"]
[WhiteElo "2221"]
[BlackElo "2559"]
[PlyCount "98"]
[EventDate "2007.09.02"]

1. e4 c5 2. Nf3 Nc6 3. Bb5 d6 4. Bxc6+ bxc6 5. e5 Bg4 6. h3 Bh5 7. O-O dxe5 8.
Re1 f6 9. d3 e6 10. Nbd2 Ne7 11. Ne4 Nd5 12. Ng3 Bf7 13. a3 Be7 14. c4 Nb6 15.
Be3 Bg6 16. Ne4 Bxe4 17. dxe4 Qxd1 18. Raxd1 Nxc4 19. Bc1 Rb8 20. Re2 Nd6 21.
Rc2 Nxe4 22. Re1 Nd6 23. Rxc5 Kd7 24. Ra5 Rb7 25. b4 Ra8 26. Rc5 Rb5 27. Rd1
Kc7 28. Rc2 a5 29. Bd2 axb4 30. Bxb4 Nc8 31. Rdc1 Ra6 32. Rc4 Bxb4 33. axb4 g5
34. Ne1 Nd6 35. R4c3 e4 36. Nc2 e5 37. Ne3 Kd7 38. Rd1 Ke6 39. Rdc1 Rbb6 40.
Nc2 f5 41. g4 f4 42. Rc5 Rb5 43. Re1 Nb7 44. Rc4 Rd5 45. Rc1 Nd6 46. Rc3 Rd2
47. Rb1 Ra2 48. Rc1 e3 49. fxe3 f3 0-1

[Event "II Festival"]
[Site "Siracusa ITA"]
[Date "2007.09.05"]
[Round "4"]
[White "Valguarnera, Girolamo"]
[Black "Grandinetti, Pietro"]
[Result "1-0"]
[WhiteElo "2185"]
[BlackElo "1726"]
[PlyCount "95"]
[EventDate "2007.09.02"]

1. e4 c5 2. b4 e6 3. bxc5 Bxc5 4. d4 Bb6 5. Nf3 d5 6. e5 Ne7 7. Bd3 Nbc6 8. c3
Qc7 9. Ba3 Ng6 10. Qc1 Nce7 11. h4 h5 12. Bd6 Qd8 13. Na3 a6 14. Nc2 Bc7 15.
Ba3 f6 16. Qe3 Kf7 17. Rh3 Nf5 18. Bxf5 exf5 19. Rh1 Re8 20. O-O-O a5 21. Nce1
Qd7 22. Bb2 Qa4 23. a3 Bd6 24. Nc2 Ra6 25. Qd2 Bf8 26. Rhe1 Rb6 27. g3 Qb5 28.
Ne3 Bxa3 29. Re2 Qa4 30. Qd3 Qb3 31. Bxa3 Qxa3+ 32. Kd2 Rc6 33. Nc2 Qb3 34.
exf6 Rxe2+ 35. Qxe2 Qxc3+ 36. Kc1 gxf6 37. Nfe1 a4 38. Rd3 Qa1+ 39. Kd2 Qb2 40.
Qxh5 Kg7 41. Qf3 Be6 42. h5 Nf8 43. Qf4 b5 44. Qb8 Bf7 45. h6+ Kg6 46. Qxf8 Rc4
47. Qg7+ Kh5 48. h7 1-0